Aktivity slovenských firiem v oblasti práv duševného vlastníctva - zdoje informácií a spolupráca pri inovačných aktivitách
Zdroje informácií, spolupráca firiem s univerzitami a inými inštitúciami vyššieho vzdelávania pri inovačných aktivitách a práva duševného vlastníctva. Štatistický prieskum.
Saved in:
| Main Author: | |
|---|---|
| Format: | Book Chapter |
| Language: | Slovak |
| Subjects: | |
| Tags: |
No Tags, Be the first to tag this record!
|
MARC
| LEADER | 00000naa a2200000 4500 | ||
|---|---|---|---|
| 001 | 0124514 | ||
| 005 | 20220715093517.8 | ||
| 041 | 0 | |a slo | |
| 044 | |a SK | ||
| 245 | 1 | 0 | |a Aktivity slovenských firiem v oblasti práv duševného vlastníctva - zdoje informácií a spolupráca pri inovačných aktivitách |c Tatiana Arbe |
| 520 | |a Zdroje informácií, spolupráca firiem s univerzitami a inými inštitúciami vyššieho vzdelávania pri inovačných aktivitách a práva duševného vlastníctva. Štatistický prieskum. | ||
| 610 | 2 | 0 | |a Slovensko |
| 610 | 2 | 0 | |a výskum štatistický |
| 610 | 2 | 0 | |a podnik |
| 610 | 2 | 0 | |a inovácia |
| 610 | 2 | 0 | |a univerzity |
| 610 | 2 | 0 | |a kooperácia |
| 610 | 2 | 0 | |a vlastníctvo duševné |
| 100 | 1 | |a Arbe, Tatiana | |